Franchising - moderní forma prodeje
Uložené v:
| Hlavný autor: | |
|---|---|
| Ďalší autori: | , |
| Médium: | Kniha |
| Jazyk: | Czech |
| Vydavateľské údaje: |
Praha
Management Press
1994
|
| Vydanie: | 1. vyd. |
| Predmet: | |
| Tagy: |
Žiadne tagy, Buďte prvý, kto otaguje tento záznam!
|
MARC
| LEADER | 00000nam a2200000 4500 | ||
|---|---|---|---|
| 001 | c005252 | ||
| 005 | 20221214074325.7 | ||
| 020 | |a 80-85603-54-3 | ||
| 041 | 0 | |a cze | |
| 044 | |a CZ | ||
| 245 | 1 | 0 | |a Franchising - moderní forma prodeje |c Martin Mendelsohn, David Acheson ; Prekl. Ladislav Osvald |
| 250 | |a 1. vyd. | ||
| 264 | 1 | |a Praha |b Management Press |c 1994 | |
| 300 | |a 122 s. | ||
| 610 | 2 | 0 | |a franchising |
| 610 | 2 | 0 | |a franšíza |
| 610 | 2 | 0 | |a licencie |
| 610 | 2 | 0 | |a podnik |
| 610 | 2 | 0 | |a marketing |
| 610 | 2 | 0 | |a predaj |
| 610 | 2 | 0 | |a predpisy |
| 610 | 2 | 0 | |a Európske spoločenstvá |
| 610 | 2 | 0 | |a BFA |
| 610 | 2 | 0 | |a FCA |
| 610 | 2 | 0 | |a kódexy |
| 610 | 2 | 0 | |a zmluvy |
| 100 | 1 | |a Mendelsohn, Martin | |
| 700 | 1 | |a Acheson, David | |
| 700 | 1 | |a Osvald, Ladislav | |